00389nam a2200157Ia 4500001000500000005001700005008004100022041000800063082001500071100003800086245005500124260000900179300002700188650000800215654000800223731720260306160446.0260306t2005||||xx |||||||||||||| ||spa|| aESP a338.5bO74 aOrtíz Sarabia, Álvaro A.eAUT 0aManual de ejercicios corregidos de microeconomía c2005 a394 páginas :c21cm. aGEN aCAN